000 02504ncm a2200541 c 4500
999 _c351165
_d351165
003 BLK
005 20200527181402.0
008 180414b bul |a|er|||| |0| c|bulo|
010 _aNOT00004165000
040 _aBLK
041 _aBUL
_cBUL
080 _aКамерна вок. муз. Песни, балади, арии, романси
_b784.3
_z784.3
139 _aПредкласически песни
_bП 86
245 1 0 _aПредкласически песни
_bза соло пеене и съпровод на пиано
_cсъстав.Божидара Стефанова и Георги Кузманов
_nЧ. 2
254 _aКлавир
257 _aBGR
260 _bМузика
_c1983
_aСофия
300 _a68 с.
_c33 см
380 _a7
505 _gСъдържа: Вървели двама влюбени, f1-f2 / Томас Морли. Раздяла, e1-d2 / Джон Даулънд. Непостоянство, d1-e2 / Джеймс Харт. Как да покажа колко я обичам?, c1-e2 ; Най-прексрасният остров, d1-e2 ; Любовна мъка, cis1-e2 / Хенри Пърсел. Зимен вятър, c1-f2 / Томас Арн. Ария на Йоле из операта Херакъл, c1-f2 ; Самсон, b-c2 ; Самсон, b-des2 ; Месия, b-c2 ; Месия, a-h1 ; Юда Макавей, c1-es2 ; Йошуа, c1-f2 ; Бакхус, c-f2 ; Александров празник, a-e1 / Георг Фридрих Хендел.
650 4 _aСоло пеене
_9361571
653 _aсолови песни
653 _aпредкласика
700 1 _aСтефанова, Божидара
_eсъстав.
_9363262
700 1 _aКузманов, Георги
_eсъстав.
_9363263
852 _aЦб М ІІ 8439
_bИП
_c784/П 86
856 4 _qpdf
_u
856 4 _qpdf
_u
942 _cNOT
_n0
_01
_s1
944 _aCR
_c2020-04-03
_kАтанаска Минкова
999 _d351165